Detalles MARC
| 000 -CABECERA |
| campo de control de longitud fija |
01552nam a2200241 a 4500 |
| 001 - NÚMERO DE CONTROL |
| campo de control |
000020248 |
| 005 - FECHA Y HORA DE LA ÚLTIMA TRANSACCIÓN |
| campo de control |
20200929170330.0 |
| 008 - DATOS DE LONGITUD FIJA--INFORMACIÓN GENERAL |
| campo de control de longitud fija |
091118s199u dr ab 000 0 spa d |
| 040 ## - FUENTE DE LA CATALOGACIÓN |
| Centro catalogador/agencia de origen |
DO-SdBNP |
| Lengua de catalogación |
spa |
| Centro/agencia transcriptor |
BNPHU |
| 082 ## - NÚMERO DE LA CLASIFICACIÓN DECIMAL DEWEY |
| Número de clasificación |
xxxx |
| Número de documento/Ítem |
xxxx |
| 100 1# - ENTRADA PRINCIPAL--NOMBRE DE PERSONA |
| Nombre de persona |
Almánzar de Escovar, Luz |
| 9 (RLIN) |
42862 |
| 245 10 - MENCIÓN DE TÍTULO |
| Título |
Estudios sociales : |
| Resto del título |
educación primaria / |
| Mención de responsabilidad, etc. |
Luz Almanzar de Escovar ; dirección técnica Yolanda R de Sánchez ; ilustración Liliana P. de Lantigua. |
| 260 ## - PUBLICACIÓN, DISTRIBUCIÓN, ETC. |
| Lugar de publicación, distribución, etc. |
Santo Domingo : |
| Nombre del editor, distribuidor, etc. |
Disesa, |
| Fecha de publicación, distribución, etc. |
[199-] |
| Fabricante |
Corripio |
| 300 ## - DESCRIPCIÓN FÍSICA |
| Extensión |
v. : |
| Otras características físicas |
il., maps. ; |
| Dimensiones |
27 cm. |
| 500 ## - NOTA GENERAL |
| Nota general |
Educación primaria |
| 500 ## - NOTA GENERAL |
| Nota general |
El volumen 2 fue aprobado para ser utilizado como texto básico del 2do. curso de la educación primaria mediante oficio No. 1771 de fecha 19 de febrero de 1988, por la Secretaría de Estado de Educación, Bellas Artes y Cultos. |
| 500 ## - NOTA GENERAL |
| Nota general |
El volumen 3 fue aprobado como texto básico mediante oficio No. 2598 de fecha 19 de marzo de 1988, por la Secretaría de Estado de Educación, Bellas Artes y Cultos. |
| 500 ## - NOTA GENERAL |
| Nota general |
La biblioteca solamente posee los textos de 2do y 3ero |
| 505 0# - NOTA DE CONTENIDO CON FORMATO |
| Información miscelánea |
v. 2 : |
| -- |
unidad 1 -- |
| Título |
La vida en nuestra comunidad -- |
| Información miscelánea |
unidad 2 -- |
| Título |
Nuestras relaciones con los demás -- |
| Información miscelánea |
unidad 3 -- |
| Título |
Un vistazo a nuestra evolución histórica -- |
| 505 0# - NOTA DE CONTENIDO CON FORMATO |
| Información miscelánea |
v. 3 : |
| -- |
unidad 1 -- |
| Título |
Conozcamos nuestro paisaje geografíco -- |
| Información miscelánea |
unidad 2 -- |
| Título |
Los períodos de nuestra historia -- |
| Información miscelánea |
unidad 3 -- |
| Título |
La organización de nuestra comunidad -- |
| 700 1# - PUNTO DE ACCESO ADICIONAL--NOMBRE DE PERSONA |
| Nombre de persona |
R. de Sánchez, Yolanda |
| Término indicativo de función/relación |
dir. tec. |
| 9 (RLIN) |
42863 |
| 700 1# - PUNTO DE ACCESO ADICIONAL--NOMBRE DE PERSONA |
| Nombre de persona |
P. de Lantigua, Liliana |
| Término indicativo de función/relación |
il. |
| 9 (RLIN) |
42864 |